00578 2200205 4500001002100000005001500021035002000036007000300056008004100059100002500100245006800125250001100193260003700204300003000241700001900271082001200290084001800302650001700320990003500337INLIS00000000000759120260603020812 a0010-0226000027ta260603 0 ind 1 aGymnastiar, Abdullah1 a7 Wasiat Nabi kepada Abu Dzar Al Ghifari /cAbdullah Gymnastiar acet. 1 aBandung :bMQS Publishing,c2011 a56 hlm. :bilus. ;c18 cm1 aTim SMS Tauhid a297.648 a297.648 Gym t 4aSahabat Nabi ac.1/54/Polbangtan Yoma/ha/2026